Kpop Boy groupe ou Girl groupe? - Statistiques

Statistiques générales
  • Ce quiz a été pris 1 338 fois
  • Le résultat moyen est 16 sur 16
Statistiques - réponses
Hint Réponse % Correct
Bvndit G
99%
EVNNE B
98%
BTOB B
98%
AB6IX B
98%
&Team B
98%
CIX B
98%
SF9 B
98%
Lapillus G
98%
GFriend G
98%
Lightsum G
98%
8TURN B
97%
Epex B
97%
Mirae B
97%
Pristin G
97%
April G
97%
Young Posse G
97%
Aucun quiz correspondant
Distribution des résultats
% des personnes avec chaque résultat
Percentile par nombre de réponses
Votre historique - résultats
Vous n’avez pas pris ce quiz